ANALÝZA TEPELNÝCH ÚČINNOSTÍ A ZTRÁT MALÝCH SPALOVACÍCH ZAŘÍZENÍ URČENÝCH PRO PEVNOU BIOMASU

Bibliographic Details
Main Authors: Malaťák, Jan (Author), Kučera, Marian, 1955- (Author), Hruška, Michal (Author), Vaculík, Petr (Author)
Format: Article
Language:Czech

MARC

LEADER 00000nab a2200000 a 4500
001 vtls011117903
003 SK-MaSNL
005 20260303145322.0
008 230222|2010 xo |||||||||||||||||cze|
015 |a SNBRB 
035 |a (uuid)b89bdbaa-7554-45eb-a0dd-1b6e6e8ac8f1 
035 |a (urnnbn)urn:nbn:sk:snk:ar-a08m5j 
035 |a urn:nbn:sk:snk-ab9o8c 
040 |a SNKBUCL  |b slo  |c SNKBUCL  |e AACR2 
041 0 |a cze 
044 |a xo  |c SK 
100 1 |a Malaťák, Jan  |4 aut  |9 186979 
245 1 0 |a ANALÝZA TEPELNÝCH ÚČINNOSTÍ A ZTRÁT MALÝCH SPALOVACÍCH ZAŘÍZENÍ URČENÝCH PRO PEVNOU BIOMASU  |c Jan Malaťák, Marian Kučera, Michal Hruška, Petr Vaculík 
246 3 |a ANALYSIS OF HEAT EFFICIENCY AND LOSSES OF SMALL COMBUTION UNITS INTENDED FOR SOLID BIOMASS 
700 1 |a Kučera, Marian,  |d 1955-  |4 aut  |9 196408 
700 1 |a Hruška, Michal  |4 aut  |9 12060 
700 1 |a Vaculík, Petr  |4 aut  |9 768951 
773 0 |t Acta Facultatis technicae Zvolen : vedecký časopis Fakulty environmentálnej a výrobnej techniky  |g Roč. 15, č. 1 (2010), s. 7-21 
958 |a OND 
958 |a EUIPO 
958 |a article13 
999 |c 2002144  |d 2004074